01347agaaa2200301 45000010005000000030009000050050017000140070009000310080040000400400023000800410013001031000053001161300026001692450121001952500022003162600103003383000033004415080074004745200078005485380016006265460013006426500075006557000065007307000071007957000056008667000059009227000064009819647IT-RoPAU20220918181245.0d cvaizq50131s9999||||xx ||| | || ||und|| aIT-RoPAUcIT-RoPAU aITALIANO aCandiani Gian MariagCodice regista SPICS: 39846 aPOLE POLE... INSIEME! aPOLE POLE... INSIEME!cDiretto da: Candiani Gian MariapPOLE POLE... INSIEME! (Rif. Codice opera principale : B9647) aEdizione Standard aVERONA (ITALIA)bCENTRO MISSIONARIO STIMMATINO / g"1991 (1° ed.: 1991 ; Ed. Lingua Orig.: 1991)" aVHSbsonoro, col.c28 minuti a"Musica: Pisetta Luisa; Soggetto: Zaupa Lidio -- Candiani Gian Maria" aPRESENZA DEI MISSIONARI STIMMATINI IN TANZANIA. DOCUMENTARIO VOCAZIONALE. aPAL, STEREO aITALIANO aDOCUMENTARIOeTV-PROGRAMMI RELIGIOSI [VHS]xCodice MATERIA SPICS: 9963 aCandiani Gian Maria e(regista)gCodice regista SPICS: 39846 aCandiani Gian Maria e(soggetto)gCodice Soggetto 2° SPICS: 39846 aPisetta Luisae(musica)gCodice Musica SPICS: 39848 aZaupa Lidio e(soggetto)gCodice Soggetto SPICS: 39847 aZaupa Lidioe(regista)gCodice secondo regista SPICS: 39847